[Event "CZE-chT2 9697"]
[Site "CZE"]
[Date "1997.??.??"]
[Round "?"]
[White "Groh, Jiri"]
[Black "Roj, Miroslav"]
[Result "1-0"]
[WhiteElo "2125"]
[BlackElo "2200"]

1.c4 e5 2.g3 Nf6 3.Bg2 Nc6 4.Nf3 Bc5 5.O-O O-O 6.Nxe5 Nxe5 7.d4 Bd6 8.c5 Bxc5
9.dxc5 Qe7 10.Qd4 Re8 11.Nc3 Nc6 12.Qc4 Ne5 13.Qb5 c6 14.Qa5 Nc4 15.Qb4 b5
16.Nxb5 Rb8 17.Qxc4 Ba6 18.Bf4 Bxb5 19.Qd4 Rb7 20.Rfe1 Qe6 21.Bf3 a5 22.b3 Ra8
23.a4 Ba6 24.Qc3 Nd5 25.Bxd5 cxd5 26.Rab1 Rb4 27.Bc7 d4 28.Qd2 Rxb3 29.Rxb3 Qxb3
30.Qxd4 Qe6 31.Bxa5 Bxe2 32.Bc3 f6 33.Rxe2  1-0

[Event "Moravia-chT 9798"]
[Site "CZE"]
[Date "1997.??.??"]
[Round "1.5"]
[White "Malis, Jiri"]
[Black "Markovic, Ivan2"]
[Result "0-1"]
[WhiteElo "2210"]
[BlackElo "2210"]

1.c4 e5 2.g3 d6 3.Nc3 f5 4.e3 Nf6 5.Nge2 Be7 6.d4 e4 7.Nf4 c6 8.h4 O-O 9.b3 Kh8
10.Be2 Na6 11.Bb2 Nc7 12.Qd2 d5 13.O-O-O Be6 14.Kb1 Bf7 15.h5 Kg8 16.Rdg1 Qd7
17.g4 fxg4 18.Rh4 Be6 19.Nxe6 Nxe6 20.Bxg4 Nxg4 21.Rhxg4 Rf5 22.Nxe4 dxe4
23.Rxe4 Rg5 24.Qd1 Bf6 25.Reg4 Rxg4 26.Qxg4 Nf8 27.Qf4 Qf7 28.e4 Ne6 29.Qe3 Qxh5
30.f4 Rd8 31.e5 Qf5+ 32.Ka1 Be7 33.Rf1 g5  0-1

[Event "Debrecen"]
[Site "Debrecen"]
[Date "1997.??.??"]
[Round "2"]
[White "Mate, Laszlo"]
[Black "Deak, Sandor"]
[Result "1-0"]
[WhiteElo "2365"]
[BlackElo "2335"]

1.c4 e5 2.g3 Nf6 3.Bg2 Nc6 4.Nc3 Bb4 5.e3 Bxc3 6.bxc3 O-O 7.Ne2 e4 8.Qc2 Re8
9.O-O d6 10.Nf4 Ne5 11.f3 exf3 12.Bxf3 Nxc4 13.Nd5 Bh3 14.Nxf6+ Qxf6 15.Rf2 Bf5
16.Qb3 Ne5 17.Be4 Bxe4 18.Rxf6 gxf6 19.c4 Nf3+ 20.Kf2 Nxh2 21.Bb2 Rad8 22.d3 Ng4+
23.Kg1 Bc6 24.e4 f5 25.Qc3 f6 26.Rf1 fxe4 27.Rf4 h5 28.Rxg4+ hxg4 29.Qxf6 Rd7
30.Qh8+ Kf7 31.Qg7+ Ke6 32.Qf6+  1-0

[Event "DEN-chT 9697"]
[Site "?"]
[Date "1997.??.??"]
[Round "4"]
[White "Nikontovic, Semir"]
[Black "Hutters, Tomas"]
[Result "0-1"]
[WhiteElo "2320"]
[BlackElo "2425"]

1.c4 e5 2.g3 c6 3.d4 exd4 4.Qxd4 d5 5.cxd5 cxd5 6.Nf3 Nc6 7.Qd1 Nf6 8.Bg2 Bc5
9.O-O O-O 10.Bg5 Re8 11.Nc3 d4 12.Na4 Bf8 13.Rc1 h6 14.Bxf6 Qxf6 15.Nc5 Bxc5
16.Rxc5 d3 17.exd3 Qxb2 18.Rc2 Qb5 19.d4 Be6 20.Qa1 Rad8 21.Rb1 Qa4 22.Rd2 Bd5
23.Rbd1 Re6 24.Nh4 Ne7 25.Bxd5 Nxd5 26.Nf5 Rde8 27.Rf1 Qd7 28.Qd1 Rf6 29.Nh4 Qh3
30.Ng2 Qd7 31.Qb3 Rfe6 32.Rdd1 Rb6 33.Qf3 Rd6 34.Rd2 Rd8 35.Rfd1 Qa4 36.Ne3 Nxe3
37.fxe3 b6 38.d5 Re8 39.Qf4 Qa3 40.Re2 Qc5 41.Qd4 Qxd4 42.Rxd4 Re5 43.Rc2 Rexd5
44.Rc8+ Kh7 45.Rc7 Rxd4 46.exd4 a5 47.Rxf7 Rxd4 48.Rb7 Rb4 49.a4 Rb2 50.h3 Kg6
51.Kf1 Kf6 52.Rc7 h5 53.Rd7 g6 54.Rd6+ Kf5 55.Rc6 g5 56.Rh6 Rb4 57.Kf2 Rxa4
58.Rxb6 Rb4 59.Ra6 a4 60.Ra5+ Ke4 61.Ke1 g4 62.hxg4 hxg4 63.Ke2 Rb2+ 64.Kd1 Ra2
65.Kc1 Kf3 66.Kb1 Rd2 67.Rxa4 Kxg3 68.Kc1 Rd5  0-1

[Event "Dresden op"]
[Site "Dresden"]
[Date "1997.??.??"]
[Round "5"]
[White "Bischoff, Klaus"]
[Black "Holzke, Frank"]
[Result "1/2-1/2"]
[WhiteElo "2535"]
[BlackElo "2400"]

1.g3 e5 2.c4 c6 3.d4 exd4 4.Qxd4 d5 5.Bg2 dxc4 6.Qxd8+ Kxd8 7.Nf3 Bb4+ 8.Bd2 Bxd2+
9.Nbxd2 c3 10.bxc3 Nf6 11.O-O Ke7 12.e4 Rd8 13.Nd4 c5 14.N4b3 Nc6 15.e5 Nd5
16.Rac1 Kf8 17.Nxc5 Nxc3  1/2-1/2

[Event "FIN-chT 9697 Division-C"]
[Site "FIN"]
[Date "1997.??.??"]
[Round "7.2"]
[White "Jouhki, Yrjo Markus"]
[Black "Hokkanen, Petri"]
[Result "1-0"]
[WhiteElo "2245"]
[BlackElo "2260"]

1.c4 e5 2.g3 Nf6 3.Bg2 d6 4.Nc3 g6 5.Nf3 Bg7 6.d4 exd4 7.Nxd4 O-O 8.O-O Nbd7
9.e4 Re8 10.h3 Nc5 11.Re1 a5 12.b3 Nfd7 13.Be3 Ne5 14.Re2 g5 15.Qd2 g4 16.hxg4 Bxg4
17.f3 Be6 18.Rd1 h5 19.Nd5 Bxd5 20.cxd5 Ng6 21.Nf5 Bf8 22.Kf2 Ne7 23.Bg5 Qd7
24.Bh3 Qb5 25.Bf6 Ng6 26.Nh6+ Kh7 27.Nxf7 Nd7 28.a4 Qb6+ 29.Bd4 Nc5 30.Qg5  1-0

[Event "FIN-chT 9798"]
[Site "Finland"]
[Date "1997.??.??"]
[Round "4"]
[White "Keskisarja, Teemu"]
[Black "Pulkkinen, Kari"]
[Result "1/2-1/2"]
[WhiteElo "2315"]
[BlackElo "2325"]

1.c4 e5 2.g3 Nf6 3.Bg2 Bc5 4.Nc3 O-O 5.e3 Nc6 6.Nge2 d6 7.d4 Bb6 8.O-O Bg4
9.h3 Bh5 10.d5 Ne7 11.b3 Nd7 12.Na4 f5 13.Nxb6 axb6 14.Bb2 Nc5 15.f4 Bxe2
16.Qxe2 e4 17.g4 Qd7 18.Kh2 b5 19.gxf5 Qxf5 20.h4 bxc4 21.bxc4 Qf7 22.Bh3 Nf5
23.Rg1 g6 24.Bxf5 Qxf5 25.Rg5 Qd7 26.Qh5 Rf5 27.Rag1 Rxg5 28.Qxg5 Qf7 29.Rg2 Nd3
30.Bc3 Ra3  1/2-1/2

[Event "FRA-chT9697 groupe A"]
[Site "France"]
[Date "1997.??.??"]
[Round "1"]
[White "Manouck, Thierry"]
[Black "Rocher, Oliver"]
[Result "1/2-1/2"]
[WhiteElo "2235"]
[BlackElo "2215"]

1.c4 e5 2.g3 Nf6 3.Bg2 c6 4.Nf3 e4 5.Nd4 d5 6.cxd5 Qxd5 7.Nc2 Qh5 8.Nc3 Bh3
9.Ne3 Bxg2 10.Nxg2 Na6 11.d4 exd3 12.Qxd3 Nb4 13.Qb1 Qg6 14.e4 O-O-O 15.Nf4 Qg4
16.a3 Nd3+ 17.Nxd3 Qf3 18.O-O Rxd3 19.Be3  1/2-1/2

[Event "FRA-chT9697 groupe A"]
[Site "France"]
[Date "1997.??.??"]
[Round "2"]
[White "Beikert, Guenther"]
[Black "Werner, Clemens"]
[Result "1-0"]
[WhiteElo "2435"]
[BlackElo "2350"]

1.g3 e5 2.c4 d6 3.Nc3 Nc6 4.Nf3 f5 5.d4 e4 6.Nh4 Nf6 7.Ng2 g6 8.Nd5 Bg7 9.Bg5 h6
10.Bxf6 Bxf6 11.e3 O-O 12.Ngf4 Kh7 13.Be2 Bg7 14.h4 Nb8 15.g4 c6 16.Nc3 Na6
17.g5 h5 18.Bxh5 gxh5 19.Qxh5+ Kg8 20.g6 Re8 21.Qh7+ Kf8 22.h5 Re7 23.h6 Bxd4
24.g7+ Rxg7 25.hxg7+ Bxg7 26.O-O-O Nc7 27.Rhg1  1-0

[Event "FRA-chT9697 groupe B"]
[Site "France"]
[Date "1997.??.??"]
[Round "6"]
[White "Delahaye, Raphaelle"]
[Black "Guyard, Bertrand"]
[Result "1/2-1/2"]
[WhiteElo "2225"]
[BlackElo "2225"]

1.c4 e5 2.g3 Nc6 3.Bg2 g6 4.d3 Bg7 5.Nc3 Nge7 6.e3 O-O 7.Nge2 d6 8.O-O Be6
9.Rb1 a5 10.a3 Qd7 11.Nd5 f5 12.f4 h6 13.b4 axb4 14.axb4 g5 15.Bd2 Ng6 16.b5 Nd8
17.Qc2 Bf7 18.Bc3 Kh8 19.Bh3 g4 20.Bg2 Bg8 21.e4 Bxd5 22.cxd5 exf4 23.Nxf4 Nxf4
24.Rxf4 Ra3 25.Bb2 Ra5 26.exf5 Be5 27.Bxe5+ dxe5 28.Qc3 Qd6 29.Rxg4 Ra3 30.Qd2 Rxf5
31.Be4 Rf6 32.Qe2 Qc5+ 33.Kg2 Rc3 34.Rd1 Rc2 35.Rd2 Rc1 36.d4 exd4 37.Bf3 Rc3
38.Rf4 Rxf4 39.gxf4 Re3 40.Qf2 Nf7 41.Qh4 Kg7 42.Qg4+ Kf6 43.Qh4+ Kg7 44.Qg4+  1/2-1/2

[Event "Geneve op"]
[Site "Geneve"]
[Date "1997.??.??"]
[Round "8"]
[White "Markowski, Tomasz"]
[Black "Khenkin, Igor"]
[Result "1-0"]
[WhiteElo "2510"]
[BlackElo "2575"]

1.g3 e5 2.c4 c6 3.d4 Bb4+ 4.Bd2 Bxd2+ 5.Qxd2 d6 6.Nc3 Qe7 7.dxe5 dxe5 8.Ne4 Na6
9.O-O-O Nf6 10.Nd6+ Kf8 11.Nf3 Bg4 12.Qa5 Bxf3 13.exf3 g6 14.Bh3 Kg7 15.Rhe1 c5
16.Qc3 Nb4 17.Kb1 Rhd8 18.Qxe5 Qxe5 19.Rxe5 Kf8 20.Rxc5 Nbd5 21.Rcxd5 Nxd5
22.Rxd5 Ke7 23.Nxb7 Rxd5 24.cxd5 f5 25.Bf1 a6 26.Bc4 Kd7 27.Kc2 Kc7 28.Nc5 a5
29.Kd3 Re8 30.Ne6+ Kd6 31.Kd4 a4 32.f4 Rb8 33.Kc3 Rb7 34.b3 axb3 35.Bxb3 Rb8
36.h4 Rc8+ 37.Kd4 Rc1  1-0

[Event "Gent op"]
[Site "Gent"]
[Date "1997.??.??"]
[Round "6"]
[White "Johansen, Darryl K"]
[Black "Rudolph, Johannes"]
[Result "1-0"]
[WhiteElo "2500"]
[BlackElo "2260"]

1.c4 e5 2.g3 d6 3.Bg2 f5 4.d4 Be7 5.Nc3 c6 6.e3 Na6 7.Nge2 Nf6 8.Rb1 O-O
9.O-O Qe8 10.b4 e4 11.b5 Nc7 12.f3 exf3 13.Bxf3 Ne6 14.bxc6 bxc6 15.Qa4 Bd7
16.Rb7 Ng5 17.Bg2 a5 18.Rxd7 Qxd7 19.Bxc6 Qd8 20.Rxf5 Ng4 21.Rxf8+ Qxf8 22.Nf4 Rb8
23.h3 Nh6 24.Qxa5 Qc8 25.Bd5+ Kh8 26.Kg2  1-0

[Event "Oberliga Sued W9697"]
[Site "GER"]
[Date "1997.??.??"]
[Round "?"]
[White "Sandmeier, Toni"]
[Black "Schwing, Hans Elmar"]
[Result "0-1"]
[WhiteElo "2235"]
[BlackElo "2240"]

1.c4 e5 2.g3 Nf6 3.Bg2 Nc6 4.Nc3 Bb4 5.Nd5 Bc5 6.e3 O-O 7.Ne2 Nxd5 8.cxd5 Ne7
9.O-O c6 10.Nc3 cxd5 11.Nxd5 Nxd5 12.Bxd5 d6 13.Qh5 Qe7 14.f4 Be6 15.Bg2 f5
16.b4 Bb6 17.Bb2 e4 18.a4 Rac8 19.a5 Bd8 20.Rfc1 Qf7 21.Qxf7+ Rxf7 22.Bd4 a6
23.Bb6 Bxb6 24.axb6 Rff8 25.Bf1 Kf7 26.b5 axb5 27.Bxb5 Rxc1+ 28.Rxc1 Rc8
29.Rc7+ Rxc7 30.bxc7 Ke7 31.Kg2 d5 32.Kh3 Kd6 33.Kh4 Kxc7 34.h3 Kd6 35.Kg5 Kc5
36.Be8 b5 37.g4 fxg4 38.hxg4 b4 39.Ba4 Kc4 40.f5 Bc8 41.Bc2 b3 42.Bb1 Kb4
43.d3 exd3 44.Bxd3 Kc3 45.Bb1 Ba6 46.e4 dxe4 47.Bxe4 Bd3 48.Bd5 b2 49.Ba2 Kb4  0-1

[Event "BL2-W9798"]
[Site "Germany"]
[Date "1997.??.??"]
[Round "?.4"]
[White "Treppner, Gerd"]
[Black "Schulz, Klaus Juergen"]
[Result "0-1"]
[WhiteElo "2325"]
[BlackElo "2405"]

1.g3 e5 2.c4 c5 3.Bg2 Nc6 4.Nc3 g6 5.Nf3 Bg7 6.O-O Nge7 7.d3 O-O 8.a3 d6
9.Rb1 a5 10.Ne1 Be6 11.Nd5 Rb8 12.Nc2 b5 13.Nce3 bxc4 14.dxc4 Nd4 15.Bd2 Nb3
16.Bc3 a4 17.Nxe7+ Qxe7 18.Nd5 Qd7 19.f4 f5 20.e3 e4 21.Qc2 Bxd5 22.cxd5 Bxc3
23.Qxc3 Qg7 24.Qc2 c4 25.Qxc4 Nd2 26.Qxa4 Nxb1 27.Rxb1 Rxb2 28.Rc1 Ra2 29.Qb4 Qa7
30.Rc3 Qa6  0-1

[Event "BL2-S9697"]
[Site "Germany"]
[Date "1997.??.??"]
[Round "?.1"]
[White "Gavrikov, Viktor"]
[Black "Grund, Holger"]
[Result "1-0"]
[WhiteElo "2590"]
[BlackElo "2360"]

1.c4 e5 2.g3 Nf6 3.Bg2 Nc6 4.Nc3 Bb4 5.Nd5 Nxd5 6.cxd5 Ne7 7.Nf3 Bd6 8.d4 e4
9.Nd2 f5 10.Qb3 a5 11.a4 c6 12.dxc6 bxc6 13.Nc4 Bb4+ 14.Bd2 d5 15.Bxb4 axb4
16.Ne5 c5 17.Rc1 cxd4 18.Qxb4 O-O 19.O-O Ba6 20.Rfe1 f4 21.Bh3 Ng6 22.Nxg6 hxg6
23.Qxd4 Bc4 24.Ra1 Qg5 25.Bg2 e3 26.b4 Rae8 27.b5 exf2+ 28.Qxf2 fxg3 29.Qxg3 Qd2
30.e3 Be2 31.Rxe2 Qxe2 32.Bxd5+ Kh7 33.Qh3+ Qh5 34.Qxh5+ gxh5 35.a5 Rf5 36.e4 Rg5+
37.Kf2 Rc8 38.a6 Rc2+ 39.Ke3 Rgg2 40.a7  1-0

[Event "BL2-S9798"]
[Site "Germany"]
[Date "1997.??.??"]
[Round "?.6"]
[White "Kratochwil, Christian"]
[Black "Oberst, Thomas"]
[Result "1-0"]
[WhiteElo "2250"]
[BlackElo "2315"]

1.c4 e5 2.g3 d6 3.Bg2 Nc6 4.Nc3 g6 5.e3 Bg7 6.Nge2 Nge7 7.O-O O-O 8.d4 exd4
9.Nxd4 Nxd4 10.exd4 Nf5 11.d5 Re8 12.Bd2 a6 13.Rc1 h5 14.h3 Qf6 15.b4 Qd4
16.Re1 Bd7 17.Ne4 Qb2 18.Qc2 Qxc2 19.Rxc2 Nd4 20.Rcc1 Bf5 21.Kf1 Bxe4 22.Bxe4 f5
23.Bg2 Kf7 24.c5 Rxe1+ 25.Bxe1 Re8 26.Bd2 Re2 27.cxd6 cxd6 28.Rc7+ Re7 29.Rc8 Rd7
30.Ke1 Nb5 31.Ke2 Be5 32.Kd3 Rc7 33.Rxc7+ Nxc7 34.a4 Ke7 35.Be3 Kd7 36.a5 Nb5
37.g4 hxg4 38.hxg4 f4 39.Bd2 g5 40.Be4 Ke7 41.Bf5 Bf6 42.Bc8 Bb2 43.Bxb7 Nc7
44.Ke4 Kf6 45.f3 Nb5 46.Bxa6 Nc3+ 47.Kd3 Nxd5 48.Bb7  1-0

[Event "BL2-O9697"]
[Site "Germany"]
[Date "1997.??.??"]
[Round "?.4"]
[White "Schunk, Thomas"]
[Black "Bartsch, Berthold"]
[Result "0-1"]
[WhiteElo "2300"]
[BlackElo "2345"]

1.c4 e5 2.g3 f5 3.Bg2 Nf6 4.Qc2 d6 5.Nh3 Be7 6.O-O O-O 7.f4 c5 8.Nc3 Nc6
9.d3 Rb8 10.a4 a6 11.e3 Bd7 12.b3 Nb4 13.Qe2 Ng4 14.Nd5 Nxd5 15.Bxd5+ Kh8
16.Bb2 Bf6 17.Rae1 b5 18.axb5 axb5 19.fxe5 Nxe5 20.Ba1 bxc4 21.bxc4 Ng4 22.Nf4 Re8
23.e4 Bxa1 24.Rxa1 Qf6 25.Rab1 Qd4+ 26.Kh1 Rxb1 27.Rxb1 fxe4 28.dxe4 g5 29.Nh3 h6
30.Rb7 Bf5 31.e5 Rxe5 32.Rb8+ Kg7 33.Rb7+ Kg6 34.Qf3 Rxd5  0-1

[Event "BL2-S9798"]
[Site "Germany"]
[Date "1997.??.??"]
[Round "?.1"]
[White "Mandl, Robert"]
[Black "Hertneck, Gerald"]
[Result "0-1"]
[WhiteElo "2420"]
[BlackElo "2525"]

1.c4 e5 2.g3 Nf6 3.Bg2 c6 4.d4 Bb4+ 5.Bd2 Bxd2+ 6.Qxd2 d6 7.Nc3 Nbd7 8.e3 O-O
9.Nge2 Re8 10.Rd1 Nb6 11.b3 Bf5 12.h3 Qe7 13.g4 Bg6 14.Ng3 Rad8 15.O-O e4
16.d5 cxd5 17.Nxd5 Nbxd5 18.cxd5 Qe5 19.Qa5 b6 20.Qxa7 Nxd5 21.Ne2 h5 22.Rd4 hxg4
23.Rfd1 Nf6 24.Nf4 gxh3 25.Bxh3 Bh5 26.R1d2 Bf3 27.Qxb6 Qg5+ 28.Kf1 Ng4 29.Bxg4 Qxg4
30.Rc2 Qh4 31.Ke1 Qh1+ 32.Kd2 Rb8 33.Qa7 Qd1+ 34.Kc3 Qa1+ 35.Kd2 Rxb3  0-1

[Event "BL2-N9697"]
[Site "Germany"]
[Date "1997.??.??"]
[Round "?.5"]
[White "Thiede, Lars"]
[Black "Pachow, Joerg"]
[Result "1/2-1/2"]
[WhiteElo "2310"]
[BlackElo "2345"]

1.g3 e5 2.c4 Nf6 3.Bg2 d5 4.cxd5 Nxd5 5.Nc3 Nb6 6.Nf3 Nc6 7.O-O Be7 8.d3 O-O
9.a3 Be6 10.b4 a5 11.b5 Nd4 12.Nd2 Qd7 13.Bxb7 Bh3 14.Re1 Rab8 15.Bh1 Nxb5
16.Nxb5 Qxb5 17.Qb3 c6 18.Rb1 Qxb3 19.Nxb3 Nd5 20.Bd2 a4 21.Na5 Bd7 22.Nc4 f6
23.Rec1 Rb3 24.Rxb3 axb3 25.Rb1 Rb8 26.Ba5 Bd8 27.Bd2 Be7 28.Bf3 Be6 29.Ba5 Bc5
30.e3 Ne7 31.Bd1 Bxc4 32.dxc4 b2 33.a4 Ba3 34.Kf1 c5 35.Bf3 f5 36.Ke1 e4
37.Bd1 Nc6 38.Bc3 Nb4 39.Be2 Ra8 40.Bxb2 Bxb2 41.Rxb2 Rxa4 42.Kf1 Kf7 43.Rd2 Ke7
44.g4 g6 45.gxf5 gxf5 46.Kg2 Ke6 47.Kg3 Ke5 48.Rd7 Ra2 49.Bh5 Nd3 50.f4+ Ke6
51.Rxh7 Ra1 52.Rh6+ Ke7 53.Rh7+ Ke6 54.Rh6+ Ke7 55.Rh7+ Kf6 56.Rh6+ Ke7 57.Rh7+  1/2-1/2

[Event "Landesliga Sued 9697 Bayern"]
[Site "Germany"]
[Date "1997.??.??"]
[Round "?"]
[White "Rubke, Manfred"]
[Black "Schmaus, Horst"]
[Result "1-0"]
[WhiteElo "2060"]
[BlackElo "2055"]

1.c4 e5 2.g3 g6 3.Bg2 Bg7 4.Nc3 Nc6 5.e3 d6 6.Nge2 h5 7.h4 Bg4 8.Qa4 Ne7
9.b4 a6 10.Rb1 O-O 11.O-O Qd7 12.Re1 a5 13.bxa5 Rxa5 14.Qc2 b6 15.d3 Bf5
16.Bd2 Ra6 17.Kh2 Na5 18.Nd5 Kh7 19.e4 Be6 20.f4 Nac6 21.Bc3 Ng8 22.Ng1 Nh6
23.Nf3 Ng4+ 24.Kg1 Nd4 25.Qb2 Bxd5 26.cxd5 Rfa8 27.Ra1 Qa4 28.Ng5+ Kg8 29.Bxd4 Qxd4+
30.Qxd4 exd4 31.Re2 Ra3 32.Rd2 Rc3 33.Bf3 Ne3 34.Bd1 Raa3 35.Be2 Nc2 36.Rf1 Rxa2
37.f5 Be5 38.fxg6 fxg6 39.g4 Nb4 40.Rxa2 Nxa2 41.gxh5 gxh5 42.Ne6 Rc1 43.Bxh5 b5
44.Bd1 Bg7 45.Bb3 Rxf1+ 46.Kxf1 Nc1 47.Bc2 b4 48.Ke1 b3 49.Bb1 Na2 50.Kd1 Bh6
51.Nxd4 Nc3+ 52.Ke1 Nxb1 53.Nxb3 Bg7 54.Ke2 Kf7 55.Kf3 Nc3 56.h5 Na4 57.d4 Nc3
58.Ke3 Nd1+ 59.Ke2 Nb2 60.Kf3 Kf6 61.Nc1 Kg5 62.Ne2 Nc4 63.Nf4 Nd2+ 64.Ke3 Nc4+
65.Kf3 Kh6 66.Ne6 Bf6 67.Kg4 Ne3+ 68.Kf4 Nc2 69.e5 Be7 70.Ke4 Nb4 71.Nxc7 Kg5
72.Ne8 dxe5 73.dxe5 Nxd5 74.Kxd5 Kxh5 75.Ke6 Bd8 76.Kf7 Kg5 77.Nd6 Bc7 78.Ke7 Kf4
79.e6 Ke5 80.Nf7+ Kf5 81.Kd7  1-0

[Event "Landesliga Sued 9697 Bayern"]
[Site "Germany"]
[Date "1997.??.??"]
[Round "?"]
[White "Rubke, Manfred"]
[Black "Linhart, Wolfgang"]
[Result "1/2-1/2"]
[WhiteElo "2060"]
[BlackElo "2155"]

1.c4 e5 2.g3 Nf6 3.Bg2 c6 4.Nf3 e4 5.Nd4 Qb6 6.e3 d5 7.cxd5 cxd5 8.O-O Nc6
9.Nxc6 bxc6 10.Nc3 Be7 11.Re1 O-O 12.d3 exd3 13.Qxd3 Ng4 14.Qc2 Be6 15.b3 Rfd8
16.Bb2 Rac8 17.Na4 Qa5 18.Rac1 c5 19.Ba3 d4 20.h3 dxe3 21.f4 Rd2 22.Qc3 Qxc3
23.Nxc3 Nf2 24.Rxe3 Bf6 25.Ne2 Nd3 26.Rf1 Bd4 27.Nxd4 cxd4 28.Rxe6 fxe6 29.f5 e5
30.Bd5+ Kh8 31.f6 gxf6 32.Be7 Kg7 33.Bxf6+ Kh6 34.h4 Re2 35.Bg5+ Kg7 36.Rf7+ Kg6
37.Rf6+ Kg7 38.Rf7+ Kg6  1/2-1/2

[Event "Landesliga Sued 9697 Bayern"]
[Site "Germany"]
[Date "1997.??.??"]
[Round "?"]
[White "Luft, Martin"]
[Black "Scheckenbach, Franz"]
[Result "1-0"]
[WhiteElo "2105"]
[BlackElo "2170"]

1.c4 e5 2.g3 Nf6 3.Bg2 Nc6 4.Nc3 Bb4 5.e3 Bxc3 6.bxc3 d6 7.e4 Be6 8.d3 O-O
9.f4 exf4 10.Bxf4 Bg4 11.Ne2 Ne5 12.O-O Nh5 13.h3 Nxf4 14.gxf4 Bxe2 15.Qxe2 Nd7
16.d4 c5 17.Rab1 Rb8 18.e5 Qe7 19.Rxb7 Rxb7 20.Bxb7 cxd4 21.cxd4 dxe5 22.fxe5 Nxe5
23.Qxe5 Qxb7 24.c5 Qd7 25.d5 Qxh3 26.c6 Qg4+ 27.Kf2 f6 28.Qe6+ Qxe6 29.dxe6 Rc8
30.Rc1 Kf8 31.Ke3 Ke7 32.Kd4 Kd6 33.e7 h5 34.Rh1 g6 35.Rf1 Kxe7 36.Kc5 g5
37.Re1+ Kf7 38.Kd6 g4 39.Kd7 Ra8 40.c7 h4 41.Re7+ Kf8 42.Rh7  1-0

[Event "Oberliga Nord N9798"]
[Site "Germany"]
[Date "1997.??.??"]
[Round "?"]
[White "Hold, Andre"]
[Black "Czerwonski, Aleksander"]
[Result "0-1"]
[WhiteElo "2225"]
[BlackElo "2395"]

1.c4 e5 2.g3 d6 3.Bg2 Nc6 4.Nc3 f5 5.d3 Nf6 6.e3 Be7 7.Rb1 O-O 8.b4 a6 9.a4 a5
10.b5 Nb4 11.Ba3 d5 12.cxd5 Nxd3+ 13.Qxd3 Bxa3 14.Nge2 Qd6 15.O-O Bc5 16.b6 e4
17.Qc4 c6 18.Rfd1 Ng4 19.Nb5 Qh6 20.h3 Nxf2 21.Kxf2 Qxe3+ 22.Ke1 Qf2+ 23.Kd2 Qxg2
24.Nc7 Rb8 25.Kc2 Bd7 26.Kb3 Bd6  0-1

[Event "Landesliga Sued 9697 Bayern"]
[Site "Germany"]
[Date "1997.??.??"]
[Round "?"]
[White "Galow, Wolfgang"]
[Black "Magg, Christian"]
[Result "1-0"]
[WhiteElo "1950"]
[BlackElo "2120"]

1.c4 e5 2.g3 Nc6 3.Bg2 f5 4.d3 Nf6 5.e3 Bb4+ 6.Bd2 Bxd2+ 7.Qxd2 O-O 8.Nc3 d6
9.Nge2 Be6 10.Nd5 Bxd5 11.cxd5 Ne7 12.Qb4 Qd7 13.Rc1 Rfb8 14.Qc4 Rc8 15.O-O b5
16.Qb3 a5 17.e4 fxe4 18.dxe4 Kh8 19.Rfd1 b4 20.h4 Rcb8 21.f3 Qb5 22.Qc4 Qb6+
23.Kh2 Ra7 24.Qd3 Rg8 25.Rf1 Rd8 26.Bh3 c6 27.dxc6 Nxc6 28.Be6 Re7 29.Bb3 h6
30.Kg2 Na7 31.Rc2 d5 32.exd5 Nxd5 33.Bxd5 Red7 34.Rfc1 Rxd5 35.Qe4 Qd6 36.Rc7 Nb5
37.R1c6 Qf8 38.Rxh6+  1-0

[Event "Landesliga Nord 9697 Bayern"]
[Site "Germany"]
[Date "1997.??.??"]
[Round "?"]
[White "Willim, Michael"]
[Black "Vojtech, Jaroslav"]
[Result "1/2-1/2"]
[WhiteElo "1995"]
[BlackElo "2265"]

1.c4 e5 2.g3 Nf6 3.Bg2 c6 4.d4 exd4 5.Qxd4 d5 6.cxd5 cxd5 7.Nf3 Nc6 8.Qa4 Be7
9.O-O O-O 10.Rd1 Qb6 11.Nc3 Rd8 12.Qb5 Qxb5 13.Nxb5 Bf5 14.Nbd4 Be4 15.Bf4 Rac8
16.Rac1 Nxd4 17.Nxd4 Bxg2 18.Kxg2 g6 19.h3  1/2-1/2

[Event "Landesliga Nord 9697 Bayern"]
[Site "Germany"]
[Date "1997.??.??"]
[Round "?"]
[White "Willim, Michael"]
[Black "Krauseneck, Peter"]
[Result "0-1"]
[WhiteElo "2010"]
[BlackElo "2160"]

1.c4 e5 2.g3 f5 3.Bg2 Nf6 4.e3 Nc6 5.Ne2 d6 6.Nbc3 Bd7 7.d4 Qc8 8.b3 g6 9.O-O Bg7
10.dxe5 dxe5 11.Ba3 Kf7 12.Nd5 Rd8 13.Qc2 Be6 14.Rfd1 a5 15.Rac1 Ne8 16.Rd2 Rd7
17.Rcd1 Ra6 18.Nec3 Bf8 19.Bxf8 Kxf8 20.Na4 b6 21.Qb2 Kg8 22.Nf6+ Nxf6 23.Bxc6 Rxd2
24.Rxd2 Nd7 25.Nc3 Kf7 26.Nd5 Bxd5 27.Rxd5 Nb8 28.Bb5 Ra7 29.c5 c6 30.cxb6 Re7
31.Rc5 Qd7 32.Bc4+ Kf6 33.f4 Qd1+ 34.Kg2 Nd7 35.Rxc6+ Kg7 36.b7 Kh6 37.Qe2 Qc1
38.Rc8 exf4 39.Be6 f3+ 40.Kxf3 Qh1+ 41.Qg2  0-1

[Event "BL2-W9697"]
[Site "Germany"]
[Date "1997.??.??"]
[Round "?.6"]
[White "Burkart, Patrick"]
[Black "Oswald, Hans Joachim"]
[Result "1/2-1/2"]
[WhiteElo "2345"]
[BlackElo "2335"]

1.c4 e5 2.g3 Nf6 3.Bg2 d5 4.cxd5 Nxd5 5.Nc3 Nb6 6.Nf3 Nc6 7.d3 Be7 8.Be3 O-O
9.Rc1 Be6 10.Ne4 Bd5 11.Nc5 Nd4 12.Bxd4 exd4 13.O-O Nd7 14.Nxd7 Qxd7 15.Nd2 Bxg2
16.Kxg2 c5 17.Qb3 Rac8 18.Nf3 Bd6 19.Qd5 a5 20.Rc2 Rfd8 21.Nd2 Qc7 22.Qf3 Bf8
23.a4 Rd6 24.Ne4 Rc6 25.Rfc1 Qd7 26.b3 Be7 27.h3 f5 28.Nd2 Bg5 29.Rb1 Bxd2
30.Rxd2 Rb6 31.Rc2 Qe6 32.Rc4 Qc6 33.Rbc1 Qxf3+ 34.Kxf3 Rbc6 35.Kf4 b6 36.e3 dxe3
37.fxe3 Re8 38.d4 Re4+ 39.Kxf5 Rxe3 40.dxc5 bxc5 41.Rxc5 Rf6+ 42.Kg4 Rg6+
43.Kf5 Rf6+ 44.Kg4 Rg6+ 45.Kf5 Rf6+ 46.Kg4 Rg6+  1/2-1/2

[Event "BL2-W9697"]
[Site "Germany"]
[Date "1997.??.??"]
[Round "?.5"]
[White "Treppner, Gerd"]
[Black "Holzke, Frank"]
[Result "1/2-1/2"]
[WhiteElo "2320"]
[BlackElo "2375"]

1.g3 e5 2.c4 c6 3.Bg2 d5 4.cxd5 cxd5 5.d4 exd4 6.Nf3 Bb4+ 7.Nbd2 d3 8.Ne5 Nc6
9.Nxd3 Be7 10.O-O Nf6 11.Qb3 O-O 12.Nf4 Re8 13.Nf3 Bc5 14.Bd2 Ne4 15.Rad1 d4
16.e3 Qb6 17.Qxb6 axb6 18.exd4 Nxd2 19.Rxd2 Bb4 20.Rdd1 Rxa2  1/2-1/2

[Event "BL2-W9697"]
[Site "Germany"]
[Date "1997.??.??"]
[Round "?.5"]
[White "Heinbuch, Detlef"]
[Black "Kotter, Ralf"]
[Result "1/2-1/2"]
[WhiteElo "2365"]
[BlackElo "2300"]

1.g3 e5 2.c4 Nf6 3.Bg2 Bc5 4.Nc3 O-O 5.e3 Re8 6.Nge2 Nc6 7.O-O a6 8.d4 exd4
9.Nxd4 Nxd4 10.exd4 Ba7 11.Qd3 h6 12.b3 d6 13.Bb2 Rb8 14.a4 c6 15.Rae1 Bd7
16.Nd1 b5 17.axb5 axb5 18.Rxe8+ Bxe8 19.Bc3 bxc4 20.bxc4 d5 21.Ne3 Bb6 22.Rb1 Bc7
23.Rxb8 Bxb8 24.cxd5 cxd5 25.Qa6 Qc7 26.Qa5 Qxa5 27.Bxa5 Bc6 28.Bb6  1/2-1/2

[Event "NRW-Liga 9798"]
[Site "Germany"]
[Date "1997.??.??"]
[Round "3.4"]
[White "Balduan, Markus"]
[Black "Boehle, Lars"]
[Result "1-0"]
[WhiteElo "2355"]
[BlackElo "2290"]

1.c4 e5 2.g3 Nc6 3.Bg2 g6 4.Nc3 Bg7 5.e4 d6 6.Nge2 Nge7 7.O-O O-O 8.d3 Be6
9.Nd5 f5 10.Be3 Qd7 11.Qd2 Rf7 12.Rac1 Raf8 13.b4 f4 14.gxf4 Bh3 15.Nxe7+ Nxe7
16.f3 h6 17.d4 Bxg2 18.Kxg2 exf4 19.Bxf4 g5 20.Bg3 Ng6 21.h3 Kh7 22.Rf2 Qe7
23.Qd3 h5 24.Rcf1 Bh6 25.d5 Bg7 26.f4 gxf4 27.Nxf4 Nxf4+ 28.Rxf4 Rxf4 29.Rxf4 Rxf4
30.Bxf4 Be5 31.Bxe5 Qxe5 32.Qf3 Qg7+ 33.Kh2 Qe5+ 34.Kg2 Qg7+ 35.Kf2 Qb2+
36.Kg3 Qe5+ 37.Kh4 Kh6 38.Qf8+ Kg6 39.Qg8+ Kf6 40.Qh8+ Kg6 41.Qxe5  1-0

[Event "Graz op"]
[Site "Graz"]
[Date "1997.??.??"]
[Round "8"]
[White "Wegerer, Fred"]
[Black "Klimpel, Thomas"]
[Result "1-0"]
[WhiteElo "2235"]
[BlackElo "2140"]

1.c4 e5 2.g3 g6 3.Bg2 Bg7 4.Nc3 Nc6 5.d3 f5 6.h4 h6 7.e4 d6 8.Nge2 Nge7 9.Be3 Be6
10.Qd2 Qd7 11.Nd5 O-O-O 12.a4 fxe4 13.dxe4 Rdf8 14.b4 Kb8 15.b5 Nd8 16.O-O Nc8
17.a5 Rf7 18.Rfb1 Rhf8 19.b6 cxb6 20.axb6 a6 21.Nec3 Nc6 22.Nb5 Nd4 23.Nbc7 Bxd5
24.cxd5 Nf3+ 25.Bxf3 Rxf3 26.Nxa6+ bxa6 27.b7 Qh3 28.bxc8=Q+ Kxc8 29.Qc3+ Kd8
30.Rb8+ Ke7 31.Qc7+ Qd7 32.Qxd7+ Kxd7  1-0

[Event "Groningen op"]
[Site "Groningen"]
[Date "1997.??.??"]
[Round "1"]
[White "Krylov, Stanislav"]
[Black "Nenashev, Alexander"]
[Result "0-1"]
[WhiteElo "2275"]
[BlackElo "2585"]

1.c4 e5 2.g3 d6 3.Bg2 f5 4.e3 Nf6 5.Nc3 c6 6.Nge2 Be6 7.b3 d5 8.cxd5 cxd5
9.d4 e4 10.O-O Nc6 11.a3 Bd6 12.b4 O-O 13.Bd2 g5 14.f4 h6 15.Rc1 Qd7 16.Na4 b6
17.Nac3 Ne7 18.Qa4 Rfc8 19.Qa6 Rc4 20.Nb5 Rac8 21.Nxd6 Qxd6 22.Qa4 Bd7 23.Qb3 b5
24.Bh3 Qe6 25.Nc3 Qf7 26.Qd1 Kh8 27.Rf2 Qg8 28.Bf1 Ng4 29.Re2 gxf4 30.exf4 Qg7
31.Be1 Rxd4 32.Qb3 Rdc4 33.h3 Nc6 34.hxg4 Nd4 35.Qd1 Nf3+ 36.Kg2 Nxe1+ 37.Rxe1 Rxc3
38.Rxc3 Qxc3 39.gxf5 Rg8 40.g4 Bxf5 41.Be2 d4 42.Rh1 d3 43.Rxh6+ Kg7 44.Rh3 Kf7
45.Qg1 Qc7 46.Bd1 Bxg4 47.Rh7+ Ke8  0-1